000 00422nam a2200193Ia 4500
001 12732
003 GE_BSU
008 181216s||||||||xx |||||||||||||| ||und||
020 _a9780575093843
040 _cGE_BSU
080 _a821.111-32.1
100 _aSands,Lynsay
245 _aTall, Dark and Hungry
260 _aLondon
260 _c2010
300 _a380p.20cm.
653 _aTall, Dark and Hungry
942 _cBK
999 _c45903
_d45903